000
00245nam a2200097Ia 4500
001
696169
005
20250826162007.0
008
250824s9999 xx 000 0 und d
245
0
_a
AFRİKA RÜYASI/C.GUEVARA/EVEREST
_c
CHE GUEVARA
260
_b
EVEREST
999
_c
696169
_d
696169